| 000 | 01566cam a22003497a 4500 | ||
|---|---|---|---|
| 001 | 15258967 | ||
| 005 | 20080505145257.0 | ||
| 008 | 080412s2007 enk b 001 0 eng | ||
| 010 | _a 2008273078 | ||
| 015 |
_aGBA553118 _2bnb |
||
| 016 | 7 |
_a013226318 _2Uk |
|
| 020 | _a9780521818865 (hbk.) | ||
| 020 | _a9780521524285 (pbk.) | ||
| 035 | _a(OCoLC)ocn191751319 | ||
| 040 |
_aUKM _cUKM _dYDXCP _dBAKER _dEYE _dDLC |
||
| 042 |
_aukblcatcopy _alccopycat |
||
| 050 | 0 | 0 |
_aUA23 _b.T283 2007 |
| 082 | 0 | 4 |
_a355.02170973 _222 _bTAN |
| 100 | 1 |
_aTannenwald, Nina. _93768 |
|
| 245 | 1 | 4 |
_aThe nuclear taboo : _bThe United States and the non-use of nuclear weapons since 1945 / _cNina Tannenwald. |
| 260 |
_aCambridge : _bCambridge University Press, _cc2007. |
||
| 300 |
_axiii, 449 p. ; _c24 cm. |
||
| 440 | 0 |
_aCambridge studies in international relations ; _v87 _93769 |
|
| 504 | _aIncludes bibliographical references and index. | ||
| 650 | 0 |
_aNuclear weapons _xGovernment policy _zUnited States. _93770 |
|
| 856 | 4 | 2 |
_3Contributor biographical information _uhttp://www.loc.gov/catdir/enhancements/fy0834/2008273078-b.html |
| 856 | 4 | 2 |
_3Publisher description _uhttp://www.loc.gov/catdir/enhancements/fy0834/2008273078-d.html |
| 856 | 4 | 1 |
_3Table of contents only _uhttp://www.loc.gov/catdir/enhancements/fy0834/2008273078-t.html |
| 942 |
_2ddc _cBB |
||
| 999 |
_c11319 _d11319 |
||